| 000 | 00390nam a22001697a 4500 | ||
|---|---|---|---|
| 003 | NUST | ||
| 020 | _a8177584286 | ||
| 038 | _akhadija | ||
| 082 |
_a621.328 _bPRO |
||
| 100 |
_aProakis G. John _990981 |
||
| 245 |
_aCommunication Systems Engineering / _cJohn G. Proakis |
||
| 250 | _a2nd | ||
| 260 |
_aIndia _bSanat Printers _c2002 |
||
| 300 | _ap801 | ||
| 563 | _aPB | ||
| 942 |
_2ddc _cBK |
||
| 999 |
_c589178 _d589178 |
||